Ilmu alam dunia buku dua (Record no. 101163)

MARC details
000 -LEADER
fixed length control field 00580nam a2200217 i 4500
001 - CONTROL NUMBER
control field C2-0296733
003 - CONTROL NUMBER IDENTIFIER
control field PPAK
005 - DATE AND TIME OF LATEST TRANSACTION
control field 20180728075047.0
008 - FIXED-LENGTH DATA ELEMENTS--GENERAL INFORMATION
fixed length control field 090426s xx |||| ||||| | may d
040 ## - CATALOGING SOURCE
Original cataloging agency PPAK
Language of cataloging eng
Transcribing agency PPAK
Description conventions rda
082 04 - DEWEY DECIMAL CLASSIFICATION NUMBER
Classification number 372.891
Edition number 23
090 00 - LOCALLY ASSIGNED LC-TYPE CALL NUMBER (OCLC); LOCAL CALL NUMBER (RLIN)
Classification number (OCLC) (R) ; Classification number, CALL (RLIN) (NR) 372.891
Feature heading LEW
Feature heading KIH
100 0# - MAIN ENTRY--PERSONAL NAME
Personal name G. E. D. lewis,
Relator term author
245 10 - TITLE STATEMENT
Title Ilmu alam dunia buku dua
Remainder of title Benua-benua selatan
264 #1 - PRODUCTION, PUBLICATION, DISTRIBUTION, MANUFACTURE, AND COPYRIGHT NOTICE
Name of producer, publisher, distributor, manufacturer Longman Malaysia ,
300 ## - PHYSICAL DESCRIPTION
Extent 185 pages ;
Dimensions 27 cm
336 ## - CONTENT TYPE
Source rdacontent
Content type term text
337 ## - MEDIA TYPE
Source rdamedia
Media type term unmediated
338 ## - CARRIER TYPE
Source rdacarrier
Carrier type term volume
942 ## - ADDED ENTRY ELEMENTS (KOHA)
-- dc
Koha item type Book
Holdings
Withdrawn Not for loan Current library Shelving location Date acquired Full call number Barcode Date last seen Koha item type
  Not For Loan Perpustakaan Alor Setar Koleksi Ismail Hussein 26/04/2009 KIH 372.891 LEW A00172321 09/05/2018 Book